000
00349cam a2200157 4500
001
D11881
008
090401t1926 xxu||||| |||| 00| 0 eng d
035
_a
(Sirsi) u12
041
_a
eng
100
_a
Abraham, R. M.
245
_a
Surveying instruments
260
_a
London
_b
C F Casella
_c
1926
350
_a
0
942
_n
0
948
_c
04/03/1997
999
_c
85474
_d
85474